[Event "17th Open"]
[Site "Boblinger GER"]
[Date "2000.12.30"]
[Round "8"]
[White "Glek,I"]
[Black "Lomineishvili,M"]
[Result "1/2-1/2"]
[WhiteElo "2553"]
[BlackElo "2376"]

1.e4 c5 2.Nf3 Nc6 3.Bb5 e6 4.O-O Nge7 5.Re1 Nd4 6.Nxd4 cxd4 7.d3 Nc6 8.c3 Bc5
9.Nd2 O-O 10.Bxc6 dxc6 11.Nb3 Bb6 12.cxd4 Bxd4 13.Nxd4 Qxd4 14.Qc2 e5 15.Be3 Qd8
16.Qc3 Re8 17.d4 Qh4 18.f3 exd4 19.Bxd4 Qh6 20.f4 c5 21.Be5 f6 22.Bd6 b6
23.f5  1/2-1/2

[Event "Open"]
[Site "Ano Liosia GRE"]
[Date "2000.12.31"]
[Round "5"]
[White "Gesos,P"]
[Black "Tassopoulos,M"]
[Result "1/2-1/2"]
[WhiteElo "2364"]
[BlackElo "2182"]

1.e4 c5 2.Nf3 Nc6 3.Bb5 g6 4.Bxc6 bxc6 5.O-O Bg7 6.Re1 e5 7.d3 Ne7 8.c3 O-O
9.Be3 d6 10.Qc1 f5 11.Bh6 fxe4 12.dxe4 Bg4 13.Bxg7 Kxg7 14.Nfd2 Qc7 15.Nc4 Be6
16.Nba3 Rad8 17.Qe3 Nc8 18.Rad1 Nb6 19.Qe2 Nxc4 20.Nxc4 Bxc4 21.Qxc4 Qf7
22.Qxf7+ Kxf7 23.c4 Ke6 24.Re3 Rb8 25.Rd2 Rb4 26.Rc3 Rfb8 27.b3 a5 28.Rcd3 Rd8
29.Kf1 a4 30.Ke2 Rb7 31.Kd1 axb3 32.axb3 Ra7 33.Ke2 Ra1 34.Kf3 Ra7 35.Kg4 Rad7
36.Ra2 Rf8 37.f3 h6 38.Kg3 Rb8 39.Kf2 Rbb7 40.Ra3 Rb6 41.Ke3 Rd8 42.Kd2 Rd7
43.Kc3 d5 44.cxd5+ cxd5 45.exd5+ Rxd5 46.Rxd5 Kxd5 47.Ra4 Rf6 48.Ra8 g5 49.Rd8+ Kc6
50.Kd3 Rf4 51.Rg8 Kd5 52.h3 Rb4 53.Kc3 Rh4 54.Rd8+ Ke6 55.Ra8 Kd5 56.Ra4 Rd4
57.Ra8 Rf4 58.Rh8 Rf6 59.Kd3 Rb6 60.Rd8+ Ke6 61.Kc4 Rb4+ 62.Kxc5 Rxb3 63.Rd6+ Kf5
64.Rxh6 Rb2 65.g4+ Kf4 66.Rf6+ Kg3 67.Rf5 Rf2 68.Kd5 Kxh3 69.Kxe5 Kh4 70.Rf8 Kg3
71.Rf6 Rf1 72.Ke4 Rf2 73.Rf5 Rf1 74.Ke5 Kh4 75.Kf6 Ra1 76.Rb5 Ra3 77.Rf5 Ra4
78.Kg6 Ra6+ 79.Rf6 Ra5 80.Kh6 Ra3 81.f4 gxf4 82.g5 Kg3 83.g6 Ra8 84.g7 Rg8
85.Rf8 Rxg7 86.Kxg7 f3  1/2-1/2

[Event "1st Wilhelm Steinitz Mem"]
[Site "Prague CZE"]
[Date "2001.01.02"]
[Round "8"]
[White "Kotan,L"]
[Black "Santo Roman,M"]
[Result "1/2-1/2"]
[WhiteElo "2434"]
[BlackElo "2418"]

1.e4 c5 2.Nf3 Nc6 3.Bb5 g6 4.O-O Bg7 5.Re1 Nf6 6.e5 Nd5 7.Nc3 Nc7 8.Bxc6 dxc6
9.Ne4 Ne6 10.d3 O-O 11.Be3 b6 12.Qd2 Nd4 13.Nxd4 cxd4 14.Bh6 c5 15.Ng3 Bb7
16.f3 f5 17.exf6 exf6 18.Re2 Qd7 19.Rae1 Rae8 20.h4 Rxe2 21.Rxe2 Re8 22.Bxg7 Kxg7
23.h5 Rxe2 24.Qxe2 g5 25.a3 a5 26.Qe1 Kf7 27.Nf1 Qe7 28.Qg3 Qe5 29.Qg4 Qe6
30.Qg3 Qe5 31.Qg4 Qe6 32.Qg3  1/2-1/2

[Event "Troll Masters"]
[Site "Gausdal NOR"]
[Date "2001.01.05"]
[Round "1"]
[White "Kvisvik,B"]
[Black "Johansen,KR"]
[Result "1/2-1/2"]
[WhiteElo "2131"]
[BlackElo "2097"]

1.e4 c5 2.Nf3 Nc6 3.Bb5 g6 4.O-O Bg7 5.d3 e6 6.c3 Nge7 7.Be3 b6 8.d4 cxd4
9.cxd4 O-O 10.Nc3 Bb7 11.Qd2 d5 12.e5 a6 13.Ba4 b5 14.Bc2 Rc8 15.Rac1 f6
16.exf6 Rxf6 17.Bg5 Rf7 18.Rce1 Rxf3 19.gxf3 Nxd4 20.Bd1 Qf8 21.Bh6 Nxf3+
22.Bxf3 Qxf3 23.Qf4 Qxf4 24.Bxf4 Kf7 25.Be5 Bh6 26.Ne2 Rc4 27.Nd4 Nc6 28.Nxc6 Bxc6
29.f4 Bf8 30.Rf3 b4 31.Rh3 Bc5+ 32.Kf1 h5 33.Ke2 Rc2+ 34.Kd1 Rg2 35.Re2 Rg1+
36.Re1  1/2-1/2

[Event "Troll Masters"]
[Site "Gausdal NOR"]
[Date "2001.01.07"]
[Round "3"]
[White "Westerinen,H"]
[Black "Johansen,KR"]
[Result "1-0"]
[WhiteElo "2405"]
[BlackElo "2097"]

1.e4 c5 2.Nf3 Nc6 3.Bb5 g6 4.O-O Bg7 5.Re1 e6 6.Bxc6 dxc6 7.e5 Ne7 8.d3 O-O
9.Nc3 b6 10.Ne4 Ba6 11.Bg5 Qc7 12.Nf6+ Kh8 13.Qd2 Nf5 14.Nh4 Ne7 15.Re3 h6
16.Rae1 hxg5 17.Nxg6+  1-0

[Event "Troll Masters"]
[Site "Gausdal NOR"]
[Date "2001.01.11"]
[Round "8"]
[White "Karlsen,T"]
[Black "Hansen,Vi"]
[Result "0-1"]
[WhiteElo "2053"]
[BlackElo "2155"]

1.e4 c5 2.Nf3 Nc6 3.Bb5 g6 4.c3 Bg7 5.d4 cxd4 6.cxd4 Qb6 7.Nc3 e6 8.O-O Nxd4
9.Be3 Nxf3+ 10.Qxf3 Qd8 11.Rfd1 Ne7 12.Rd2 Nc6 13.Bxc6 bxc6 14.Bc5 Qg5 15.Be3 Qh5
16.Qg3 O-O 17.f4 d5 18.e5 f6 19.Bc5 fxe5 20.Bxf8 exf4 21.Qxf4 e5 22.Qf2 Bxf8
23.Qf6 Bc5+ 24.Kh1 Bd7 25.Nxd5 cxd5 26.Rxd5 Rf8 27.Qa6 Bh3 28.Rxc5 Bxg2+
29.Kxg2 Qf3+ 30.Kg1 Qf2+ 31.Kh1 Qxc5 32.Qe6+ Kg7 33.Rd1 Rf7 34.b4 Qe3 35.Qg4 h5
36.Qg3 Rf3 37.Qe1 Qf4 38.Rd7+ Kf6 39.Rd1 Rf2  0-1

[Event "Anibal Open"]
[Site "Anibal Open ESP"]
[Date "2001.01.12"]
[Round "5"]
[White "Sulskis,S"]
[Black "Holmsten,A"]
[Result "1-0"]
[WhiteElo "2497"]
[BlackElo "2383"]

1.e4 c5 2.Nf3 Nc6 3.Bb5 g6 4.Bxc6 dxc6 5.d3 Bg7 6.h3 Nf6 7.Nc3 O-O 8.Be3 Nd7
9.Qd2 b5 10.Bh6 e5 11.a4 b4 12.Nd1 b3 13.Bxg7 Kxg7 14.cxb3 f6 15.Ne3 Qb6
16.Qc3 Rb8 17.Ra3 Ba6 18.O-O Rfd8 19.Rc1 Nf8 20.Nxe5 fxe5 21.Qxe5+ Kg8 22.Ng4 h5
23.Nh6+ Kh7 24.Nf7 g5 25.Qh8+ Kg6 26.Ne5+  1-0

[Event "Czech Extra League 2000-1"]
[Site "CZE"]
[Date "2001.01.13"]
[Round "4"]
[White "Cicak,S"]
[Black "Babula,V"]
[Result "1/2-1/2"]
[WhiteElo "2517"]
[BlackElo "2564"]

1.e4 c5 2.Nf3 Nc6 3.Bb5 d6 4.c3 Nf6 5.Qe2 Bd7 6.d4 cxd4 7.cxd4 a6 8.Ba4 d5
9.exd5 Qa5+ 10.Nc3 Nxd5 11.Bd2 Nxc3 12.Bxc6 Bxc6 13.bxc3 e6 14.c4 Bb4 15.d5 Bxd2+
16.Nxd2 Bd7 17.O-O O-O 18.d6 Rfd8 19.Qe3 Rac8 20.Rfc1 Qc5 21.Qxc5 Rxc5 22.Nb3 Rcc8
23.c5 Bc6 24.Na5 Bd5 25.Rab1 Rd7 26.f4 h5 27.Kf2 f6 28.Rb2 Kf7 29.Rbc2 Kg6
30.Ke3 Kf5 31.Nb3 e5 32.fxe5 fxe5 33.Nd2 a5 34.Nf3 a4 35.Rf1 Bxf3 36.Rxf3+ Ke6
37.Rff2 Rc6 38.Rf8 Rdxd6 39.Re8+ Kd7 40.Rb8 Rd5 41.Rxb7+ Ke6 42.Rxg7 Rcxc5
43.Rc7  1/2-1/2

[Event "TCh-FIN 00-01"]
[Site "FIN"]
[Date "2001.01.13"]
[Round "6"]
[White "Penttinen,J"]
[Black "Innala,H"]
[Result "1-0"]
[WhiteElo "2365"]
[BlackElo "2235"]

1.e4 c5 2.Nf3 Nc6 3.Bb5 Nf6 4.Nc3 g6 5.O-O Bg7 6.Re1 O-O 7.e5 Ng4 8.Bxc6 dxc6
9.d3 Nh6 10.Ne4 b6 11.a4 a5 12.Bf4 Nf5 13.Qd2 Nd4 14.Nxd4 cxd4 15.Bh6 c5
16.Qf4 Ra7 17.Re2 Bb7 18.b3 Bc6 19.Qh4 f6 20.Bxg7 Kxg7 21.Rae1 Qd5 22.exf6+ exf6
23.f3 Rff7 24.Qg3 Rad7 25.Qb8 Rb7 26.Qf4 Rbd7 27.Nd2 b5 28.Re6 Rd8 29.axb5 Bxb5
30.Rb6 Bc6 31.Ra6 Ra8 32.Rxa8 Bxa8 33.Nc4 g5 34.Qb8 g4 35.Re8 Rf8 36.Rxf8 Qe6
37.Re8  1-0

[Event "Belgian Interteams 2000-1"]
[Site "BEL"]
[Date "2001.01.14"]
[Round "12"]
[White "Schalkx,J"]
[Black "Berkvens,J"]
[Result "0-1"]
[WhiteElo "2223"]
[BlackElo "2364"]

1.e4 c5 2.Nf3 Nc6 3.Bb5 g6 4.O-O Bg7 5.Re1 e5 6.Bxc6 bxc6 7.d3 Ne7 8.Nc3 O-O
9.a3 a5 10.Be3 d6 11.Qd2 Bg4 12.Ng5 h6 13.h3 Bh5 14.g4 hxg5 15.Bxg5 f6 16.Bh6 g5
17.Bxg7 Kxg7 18.gxh5 Rh8 19.Ne2 Rxh5 20.Ng3 Rxh3 21.Kg2 Qd7 22.Rh1 Rah8 23.Rxh3 Qxh3+
24.Kf3 Rh4 25.Qxa5 Qg4+ 26.Kg2 Ng6 27.Qc7+ Kh6 28.Kf1 Nf4 29.Ke1 Qf3 30.Qf7 Rh1+
31.Kd2 Qxf2+ 32.Kc3 Ne2+ 33.Kb3 c4+ 34.Ka4 Nxg3 35.Qf8+ Kh5 36.Rxh1+ Nxh1
37.Qh8+ Kg4 38.Qxh1 Qxc2+ 39.Ka5 cxd3  0-1

[Event "1st Integrata GM"]
[Site "Darmstadt GER"]
[Date "2001.01.14"]
[Round "9"]
[White "Grabarczyk,B"]
[Black "Jakubiec,A"]
[Result "1/2-1/2"]
[WhiteElo "2432"]
[BlackElo "2488"]

1.e4 c5 2.Nf3 Nc6 3.Bb5 g6 4.Bxc6 bxc6 5.O-O Bg7 6.Re1 Nh6 7.c3 f6 8.d4 cxd4
9.cxd4 Nf7 10.Nc3 O-O 11.b3 d6 12.Ba3 e5 13.h3  1/2-1/2

[Event "XXVI Open"]
[Site "Seville ESP"]
[Date "2001.01.15"]
[Round "4"]
[White "Garcia Luque,A"]
[Black "Komljenovic,D"]
[Result "0-1"]
[WhiteElo "2392"]
[BlackElo "2512"]

1.e4 c5 2.Nf3 Nc6 3.Bb5 g6 4.Bxc6 dxc6 5.d3 Bg7 6.h3 Nf6 7.Nc3 Nd7 8.Be3 Qb6
9.Rb1 Nf8 10.O-O Ne6 11.Na4 Qa5 12.b3 O-O 13.Re1 b6 14.Qc1 Nd4 15.Nd2 Qa6
16.Nf1 Bd7 17.c3 Ne6 18.Rd1 Rad8 19.Rb2 Bc8 20.Rbd2 f5 21.exf5 gxf5 22.f4 Qb7
23.Nh2 Nc7 24.Bf2 Nd5 25.Re2 Qc7 26.g3 Bd7 27.c4 Nb4 28.a3 Na6 29.Rxe7 Qd6
30.Rxg7+ Kxg7 31.Nf3 Be8 32.Ne5 Nb8 33.Qb2 Kg8 34.b4 cxb4 35.axb4 Nd7 36.Bd4 Nxe5
37.Bxe5 Qg6 38.Qg2 Bf7 39.Nc3 Rd7 40.g4 Rfd8 41.d4 Bxc4 42.gxf5 Qxg2+ 43.Kxg2 Kf7
44.Kf2 Bd5 45.Rc1 a5 46.b5 cxb5 47.Nxb5 a4 48.Rg1 Bc6 49.Nc7 Rg8 50.Rc1 Be4
51.Nb5 Rg2+ 52.Ke3 Bxf5 53.Nd6+ Rxd6 54.Bxd6 Rg3+ 55.Kf2 Ke6 56.Bf8 Rb3 57.Rc7 Kd5
58.Rf7 Be4 59.Rd7+  0-1

[Event "Anibal Open"]
[Site "Linares ESP"]
[Date "2001.01.16"]
[Round "9"]
[White "Turov,M"]
[Black "Felgaer,R"]
[Result "1-0"]
[WhiteElo "2546"]
[BlackElo "2420"]

1.e4 c5 2.Nf3 Nc6 3.Bb5 d6 4.O-O Bd7 5.Re1 a6 6.Bf1 g6 7.c3 Bg7 8.d4 cxd4
9.cxd4 Bg4 10.d5 Nd4 11.Nc3 Bxf3 12.gxf3 e5 13.dxe6 Nxe6 14.Be3 Be5 15.Nd5 Qh4
16.f4 Nxf4 17.Bxf4 Bxf4 18.Nxf4 Qxf4 19.e5 Rd8 20.Qd5 Qg5+ 21.Bg2 Kf8 22.Rad1 Nh6
23.e6 Qxd5 24.e7+ Kg7 25.Rxd5 Rb8 26.Rxd6 Nf5 27.Rb6 Rhe8 28.b4 Rxe7 29.Rxe7 Nxe7
30.a4 Rc8 31.Bxb7 Rc1+ 32.Kg2 Nf5 33.Kf3 Rc3+ 34.Ke4 a5 35.bxa5 Rc4+ 36.Kd5 Rxa4
37.a6 Ra2 38.Rb4 Ra5+ 39.Kc6 Ra2 40.Kb6 Nd6 41.a7  1-0

[Event "Corus Reserve Gp"]
[Site "Wijk aan Zee NED"]
[Date "2001.01.16"]
[Round "1"]
[White "Yu Shaoteng"]
[Black "Ludden,GJ"]
[Result "1-0"]
[WhiteElo "2493"]
[BlackElo "2263"]

1.e4 c5 2.Nf3 Nc6 3.Bb5 g6 4.Bxc6 dxc6 5.d3 Bg7 6.h3 e5 7.Nc3 Qe7 8.Be3 Nf6
9.Qd2 h6 10.O-O b6 11.a3 Nd7 12.Nh2 Nf8 13.f4 exf4 14.Rxf4 Ne6 15.Rf2 Nd4
16.Raf1 Be6 17.Ng4 O-O-O 18.Bxh6 Bxh6 19.Nxh6 Rh7 20.Qf4 Rdh8 21.Ng4 Rh4
22.Qf6 Qxf6 23.Nxf6 g5 24.Rd2 R8h6 25.e5 Rg6 26.Nce4 g4 27.Nxg4 Bd5 28.c3 Nb3
29.Re2 Kd8 30.Nd6 Rh7 31.Nf6 Rxh3 32.Nxd5 cxd5 33.Rxf7 Rxd3 34.e6 Rd1+ 35.Kf2  1-0

[Event "ch-POL Boys U18"]
[Site "Zakopane POL"]
[Date "2001.01.16"]
[Round "1"]
[White "Stoma,P"]
[Black "Kukla,P"]
[Result "1-0"]
[WhiteElo "2209"]
[BlackElo "2058"]

1.e4 c5 2.Nf3 Nc6 3.Bb5 g6 4.O-O Bg7 5.c3 e5 6.d3 Nge7 7.Be3 d6 8.d4 exd4
9.cxd4 O-O 10.Nc3 b6 11.Qd2 Bg4 12.d5 Bxf3 13.dxc6 Bg4 14.Bg5 a6 15.Nd5 f6
16.c7  1-0

[Event "XXVI Open"]
[Site "Seville ESP"]
[Date "2001.01.17"]
[Round "6"]
[White "Romero Garcia,M"]
[Black "Pogorelov,R"]
[Result "0-1"]
[WhiteElo "2184"]
[BlackElo "2429"]

1.e4 c5 2.Nf3 Nc6 3.Bb5 g6 4.O-O Bg7 5.Qe2 e5 6.Qc4 d6 7.b4 Be6 8.Qc3 Nf6
9.d3 O-O 10.Bxc6 cxb4 11.Qxb4 bxc6 12.c4 h6 13.c5 dxc5 14.Qc3 c4 15.Nxe5 cxd3
16.Nxc6 Qe8 17.Nd4 Rc8 18.Qa5 Nxe4 19.Bb2 Rb8 20.Nxe6 Bxb2 21.Nxf8 Qxf8 22.Qe1 Re8  0-1

[Event "ch-POL Boys U16"]
[Site "Zakopane POL"]
[Date "2001.01.17"]
[Round "2"]
[White "Machaj,B"]
[Black "Singer,K"]
[Result "1/2-1/2"]
[WhiteElo "2196"]
[BlackElo "2116"]

1.e4 c5 2.Nf3 Nc6 3.Bb5 d6 4.O-O Bd7 5.Nc3 g6 6.Bxc6 Bxc6 7.d4 Bg7 8.d5 Bd7
9.Qe2 Bg4 10.h3 Bxf3 11.Qxf3 Nf6 12.Bg5 Nd7 13.Nd1 O-O 14.Qe2 Rb8 15.Bd2 b5
16.Bc3 Nf6 17.Bxf6 Bxf6 18.Kh1 Qc7 19.f4 c4 20.c3 a5 21.Rc1 Bg7 22.a3 Rfc8
23.Ne3 Qc5 24.Nc2 Rc7  1/2-1/2

[Event "Corus Reserve Gp"]
[Site "Wijk aan Zee NED"]
[Date "2001.01.18"]
[Round "3"]
[White "Klinova,M"]
[Black "Ivkov,B"]
[Result "1/2-1/2"]
[WhiteElo "2328"]
[BlackElo "2432"]

1.e4 c5 2.Nf3 Nc6 3.Bb5 d6 4.Bxc6+ bxc6 5.O-O Bg4 6.h3 Bh5 7.Re1 e5 8.c3 Be7
9.d4 cxd4 10.cxd4 exd4 11.Qxd4 Bxf3 12.gxf3 Bf6 13.Qd3 Ne7 14.Nc3 Qd7 15.f4 d5
16.exd5 O-O 17.d6 Nd5 18.Nxd5 cxd5 19.Qxd5 Qxh3 20.Be3 Bxb2 21.Rab1 Ba3 22.Rb7 Bxd6
23.Qxd6 Qg4+ 24.Kh2 Qh4+ 25.Kg2 Qg4+ 26.Kh2 Qh4+ 27.Kg2  1/2-1/2

[Event "XXVI Open"]
[Site "Seville ESP"]
[Date "2001.01.19"]
[Round "8"]
[White "Ridameya Tatche,J"]
[Black "Pogorelov,R"]
[Result "0-1"]
[WhiteElo "2142"]
[BlackElo "2429"]

1.e4 c5 2.Nf3 Nc6 3.Bb5 g6 4.O-O Bg7 5.Bxc6 dxc6 6.d3 Nf6 7.h3 O-O 8.Qe2 Ne8
9.Nbd2 Nc7 10.Nb3 b6 11.a4 a5 12.Rd1 e5 13.Be3 Ne6 14.Qd2 Qc7 15.Bh6 Rd8
16.Bxg7 Kxg7 17.Qe3 Ba6 18.Nbd2 Rd7 19.Rac1 Rad8 20.b3 b5 21.Ra1 c4 22.axb5 cxb5
23.dxc4 bxc4 24.Qc3 Nd4 25.Re1 cxb3 26.Qxc7 Rxc7 27.Nxd4 b2 28.Rxa5 Rxd4
29.Nb3 Rxc2 30.Rb1 Rb4 31.Rc5 Rxc5 32.Nxc5 Bc4 33.Na4 Rxa4 34.Rxb2 Be6 35.f3 g5
36.Rb6 h5 37.Rb5 f6 38.Rb6 Bf7 39.Kh2 Kg6 40.Rb7 Bc4 41.h4 g4 42.Kg3 gxf3
43.gxf3 Bd3 44.Rb8 Bxe4  0-1

[Event "Tch-AUT 2000-01"]
[Site "Graz AUT"]
[Date "2001.01.20"]
[Round "7"]
[White "Staudner,O"]
[Black "Teske,H"]
[Result "1/2-1/2"]
[WhiteElo "2347"]
[BlackElo "2466"]

1.e4 c5 2.Nf3 Nc6 3.Bb5 e6 4.O-O Nge7 5.Nc3 Qc7 6.Re1 a6 7.Bxc6 Nxc6 8.d4 cxd4
9.Nxd4 Bd6 10.Kh1 Be5 11.Nf3 d6 12.Nxe5 dxe5 13.Qg4 O-O 14.Be3 Nd4 15.Qg3 Nxc2
16.Rac1 Nxe3 17.Qxe3 Qe7  1/2-1/2

[Event "Corus Reserve Gp"]
[Site "Wijk aan Zee NED"]
[Date "2001.01.20"]
[Round "4"]
[White "Van den Berg,Ad"]
[Black "Liang Chong"]
[Result "0-1"]
[WhiteElo "2210"]
[BlackElo "2581"]

1.e4 c5 2.Nf3 Nc6 3.Bb5 e6 4.O-O Nge7 5.Nc3 a6 6.Bxc6 Nxc6 7.d4 cxd4 8.Nxd4 Qc7
9.Nxc6 bxc6 10.Re1 Bd6 11.Qh5 Be5 12.f4 Bxf4 13.Bxf4 Qxf4 14.e5 O-O 15.Re4 Qf5
16.Qe2 d5 17.Rf1 dxe4 18.Rxf5 exf5 19.g4 Re8 20.Qc4 fxg4 21.Qxe4 Rb8 22.b3 Be6
23.Qf4 Bd5 24.Na4 Bf3 25.Nc5 h5 26.e6 fxe6 27.Nxe6 Bd5 28.Nd4 Re1+ 29.Kf2 Rbe8
30.Nf5 Kh7 31.c4 R8e2+ 32.Kg3 g5 33.Qc7+ Kg6 34.Qg7+ Kxf5 35.Qh7+ Ke5 36.Qg7+ Ke4
37.Qa7 Be6  0-1

[Event "ch-POL Boys U18"]
[Site "Zakopane POL"]
[Date "2001.01.20"]
[Round "5"]
[White "Flasinski,M"]
[Black "Kukla,P"]
[Result "1-0"]
[WhiteElo "2121"]
[BlackElo "2058"]

1.e4 c5 2.Nf3 Nc6 3.Bb5 g6 4.Bxc6 dxc6 5.h3 Bg7 6.O-O e5 7.d3 Ne7 8.Be3 b6
9.Qd2 O-O 10.Bh6 f6 11.Bxg7 Kxg7 12.Nc3 Be6 13.Nh2 g5 14.a3 Qd7 15.b4 c4
16.Rfd1 Rfd8 17.Nf3 cxd3 18.Qe3 Ng6 19.cxd3 g4 20.hxg4 Bxg4 21.Ne2 c5 22.bxc5 bxc5
23.Rac1 Rac8 24.Kh2 Bxf3 25.Qxf3 Nf8 26.Ng3 Ne6 27.Nh5+ Kf8 28.Qxf6+ Qf7
29.Qxe5 Ke7 30.Ng3 Qf4 31.Qxf4 Nxf4 32.Rc3 Ne6 33.Nf5+ Kf6 34.Kg3 Rb8 35.Kf3 Rb2
36.Ke3 Nd4 37.Ng3 Ne6 38.Rh1 Kg7 39.Rh5 Rf8 40.Nf5+ Kg8 41.Rh6 Nd4 42.Rxc5  1-0

[Event "Open"]
[Site "Ubeda ESP"]
[Date "2001.01.21"]
[Round "1"]
[White "Turov,M"]
[Black "Agopov,M"]
[Result "1/2-1/2"]
[WhiteElo "2546"]
[BlackElo "2354"]

1.e4 c5 2.Nf3 Nc6 3.Bb5 g6 4.Bxc6 dxc6 5.O-O Bg7 6.d3 Nf6 7.Nc3 O-O 8.h3 Nd7
9.Be3 e5 10.Nh2 Qe7 11.Qd2 Re8 12.f4 exf4 13.Rxf4 Ne5 14.Rf2 Be6 15.Raf1 b6
16.Nf3 Nxf3+ 17.Rxf3 Bd4 18.Bxd4 cxd4 19.Ne2 Rad8 20.g4 Qh4 21.Kg2 h6 22.R1f2 Qg5
23.Nf4 Rd7 24.a3 c5 25.Rf1 Qh4 26.Nh5 gxh5 27.Qxh6 Rd5 28.exd5 Bxd5 29.Qf4 Re3
30.Rf2 Kg7 31.Qxf7+ Bxf7 32.Rxf7+ Kg8 33.Rf8+  1/2-1/2

[Event "Corus Reserve Gp"]
[Site "Wijk aan Zee NED"]
[Date "2001.01.22"]
[Round "6"]
[White "Brodsky,M"]
[Black "Krnic,Z"]
[Result "1-0"]
[WhiteElo "2527"]
[BlackElo "2390"]

1.e4 c5 2.Nf3 Nc6 3.Bb5 e6 4.O-O Nge7 5.c3 a6 6.Ba4 c4 7.Bc2 Ng6 8.d4 cxd3
9.Bxd3 Qc7 10.Be3 Nce5 11.Nxe5 Nxe5 12.Be2 Bc5 13.Bxc5 Qxc5 14.Nd2 f6 15.Nb3 Qc7
16.Qd4 O-O 17.Rfd1 b6 18.a4 Nf7 19.a5 Rb8 20.Rd2 bxa5 21.Nxa5 Rb6 22.b4 Rd8
23.Rad1 Qb8 24.Qe3 Re8 25.Bc4 Qc7 26.Bb3 d6 27.Nc4 Rc6 28.Ba4 Rxc4 29.Bxe8 Rxc3
30.Bxf7+ Kxf7 31.Qe2 Ke7 32.Rxd6 e5 33.R6d3 Rc4 34.Qh5 Rxe4 35.Rg3 Kf8 36.Qxh7 Bg4
37.Qxe4 Bxd1 38.Qa8+ Kf7 39.Qd5+  1-0

[Event "ch-POL Boys U18"]
[Site "Zakopane POL"]
[Date "2001.01.22"]
[Round "7"]
[White "Kos,P"]
[Black "Maka,Mar"]
[Result "1-0"]
[WhiteElo "2111"]
[BlackElo "2094"]

1.e4 c5 2.Nf3 Nc6 3.Bb5 g6 4.O-O Bg7 5.c3 e5 6.d3 Qe7 7.Be3 Nf6 8.Nbd2 O-O
9.a4 Na5 10.b4 cxb4 11.cxb4 Qxb4 12.Nxe5 Qe7 13.Nec4 Nxc4 14.Bxc4 d5 15.exd5 Ng4
16.Bf4 Bxa1 17.Qxa1 Qf6 18.Qxf6 Nxf6 19.Rb1 Re8 20.Kf1 b6 21.f3 Bd7 22.Rb4 Rac8
23.Kf2 Rc5 24.Ne4 Nxe4+ 25.fxe4 f6 26.Ke3 f5 27.Bd6 Ra5 28.Bb3 fxe4 29.dxe4 Rc8
30.Kd4 b5 31.axb5 Rxb5 32.Rxb5 Bxb5 33.Bb4 Kf7 34.e5 Rc1 35.d6+ Ke8 36.e6 Rb1
37.Kc3 Rc1+ 38.Kd2 Rb1 39.Kc2 Rf1 40.Bc5 a5 41.Bb6 Re1 42.Bxa5 Re2+ 43.Kc3 Rxg2
44.Kb4 Rg5 45.Bc4 Bc6 46.Bb6 Rh5 47.Bc7 Rf5 48.Ba6  1-0

[Event "Open"]
[Site "Ubeda ESP"]
[Date "2001.01.23"]
[Round "3"]
[White "Minasian,Art"]
[Black "Sriram,J"]
[Result "1-0"]
[WhiteElo "2567"]
[BlackElo "2412"]

1.e4 c5 2.Nf3 Nc6 3.Bb5 e6 4.O-O Nge7 5.c3 a6 6.Ba4 b5 7.Bc2 d5 8.e5 d4 9.Qe2 Bb7
10.Be4 Ng6 11.cxd4 cxd4 12.d3 Be7 13.Nbd2 Qb6 14.Nb3 O-O 15.h4 h5 16.Bg5 Rfd8
17.Rac1 Rac8 18.Bxg6 fxg6 19.Rxc6 Qxc6 20.Bxe7 Re8 21.Na5 Qd5 22.Nxb7 Qxb7
23.Bd6 Qd5 24.Ng5 Rc6 25.Qd2  1-0

[Event "ch-POL Boys U16"]
[Site "Zakopane POL"]
[Date "2001.01.23"]
[Round "8"]
[White "Gajewski,G"]
[Black "Zimolzak,P"]
[Result "1-0"]
[WhiteElo "2344"]
[BlackElo "2052"]

1.e4 c5 2.Nf3 Nc6 3.Bb5 g6 4.O-O Bg7 5.c3 e5 6.d4 cxd4 7.cxd4 Nxd4 8.Nxd4 exd4
9.Bf4 Ne7 10.Nd2 O-O 11.Bd6 Re8 12.Bc4 Nc6 13.f4 b5 14.Bxf7+ Kxf7 15.Qb3+ Re6
16.f5 Kg8 17.fxe6 dxe6 18.Bg3 Qb6 19.Nf3 Na5 20.Qb4 Bf8 21.Qd2 Nc4 22.Qf4 d3+
23.Kh1 Qd6 24.e5 Qd7 25.b3 Nb6 26.Rad1 Bb7 27.Qe3 Rd8 28.Bh4 Be7 29.Bxe7 Qxe7
30.Rxd3 Rf8 31.Rdd1 Nd5 32.Qh6 Rf5 33.Nh4 Rh5 34.Nxg6 Rxh6 35.Nxe7+ Nxe7
36.Rd8+ Kg7 37.Rd7  1-0

[Event "17th Open"]
[Site "Geneva SUI"]
[Date "2001.01.25"]
[Round "6"]
[White "Cherniaev,A"]
[Black "Bernard,Ja"]
[Result "1-0"]
[WhiteElo "2484"]
[BlackElo "2237"]

1.e4 c5 2.Nf3 Nc6 3.Bb5 e6 4.O-O Nge7 5.c3 d5 6.exd5 Qxd5 7.Re1 Bd7 8.Na3 Rc8
9.d4 cxd4 10.cxd4 Nb4 11.Re5 Qd6 12.Bd2 Ned5 13.Rg5 Bxb5 14.Nxb5 Qb6 15.Qa4 Nc6
16.Re1 Rd8 17.Nc3 Nxc3 18.Bxc3 h6 19.Rb5 Qc7 20.Qb3 b6 21.d5 a6 22.dxe6 Bc5
23.Bxg7 f5 24.Rxc5 Rh7 25.Rxc6 Qxc6 26.e7 Rd5 27.Bf8 h5 28.h4 Rf7 29.Ng5 Rf6
30.Qf3  1-0

[Event "Open"]
[Site "Ubeda ESP"]
[Date "2001.01.25"]
[Round "5"]
[White "Yandemirov,V"]
[Black "Felgaer,R"]
[Result "1-0"]
[WhiteElo "2494"]
[BlackElo "2420"]

1.e4 c5 2.Nf3 Nc6 3.Bb5 a6 4.Bxc6 dxc6 5.d3 Qc7 6.Be3 e5 7.Qd2 f6 8.Qc3 b6
9.Nbd2 Be6 10.O-O a5 11.a3 Bd6 12.Nc4 Ne7 13.Nxd6+ Qxd6 14.b4 axb4 15.axb4 Rxa1
16.Qxa1 cxb4 17.Bxb6 Ng6 18.d4 Qb8 19.Bc5 Kf7 20.Rb1 b3 21.cxb3 Bg4 22.Qa6 Nf4
23.Qc4+ Be6 24.Qc2 Rd8 25.dxe5 Bg4 26.Be3 fxe5 27.Bxf4 exf4 28.Qc4+ Kg6 29.Qxc6+ Qd6
30.Ne5+ Kh5 31.Qxd6 Rxd6 32.Nxg4 Kxg4 33.f3+ Kh4 34.b4 g5 35.b5 Rb6 36.Kf2 h5
37.Ke2 g4 38.Kd3 g3 39.h3 Rxb5 40.Re1 Ra5 41.Re2 Ra3+ 42.Kc4 Rxf3 43.gxf3 Kxh3
44.e5 g2 45.Rxg2 Kxg2 46.e6 h4 47.e7 h3 48.e8=Q h2 49.Qe2+ Kg1 50.Kd4  1-0

[Event "Open"]
[Site "Ubeda ESP"]
[Date "2001.01.25"]
[Round "5"]
[White "Minasian,Art"]
[Black "Vokarev,S"]
[Result "1/2-1/2"]
[WhiteElo "2567"]
[BlackElo "2492"]

1.e4 c5 2.Nf3 Nc6 3.Bb5 g6 4.Bxc6 bxc6 5.O-O Bg7 6.Re1 Nh6 7.c3 O-O 8.d4 cxd4
9.cxd4 d5 10.e5 f6 11.Qa4 Qb6 12.exf6 exf6 13.b3 Bg4 14.Ba3 Rfc8 15.Bc5 Qb7
16.Nbd2 a6 17.Qa5 Qb5 18.Qc3 Re8 19.Rac1 Bd7 20.a4 Qb7 21.b4 Nf7 22.Nb3 Rac8
23.Na5 Qa8 24.Be7 Nh6 25.h3 Nf5 26.Bc5 Rxe1+ 27.Rxe1 Re8 28.Nb3 Rxe1+ 29.Qxe1 Qe8
30.Qxe8+ Bxe8 31.g4 Nh6 32.Bd6 Bd7 33.Nc5 Bc8 34.Kg2 Nf7 35.Be7 h5 36.Kg3 Nh6
37.Nh2 Kf7 38.Bd6 hxg4 39.hxg4 Ke8 40.Bf4 g5 41.Be3 Bf8 42.f4 Bd6 43.Kf3 f5
44.fxg5 Nxg4 45.Nxg4 fxg4+ 46.Kg2 Kf7 47.Nd3 Kg6 48.Kf2 Kf5 49.Ke2 Be7 50.g6 Be6
51.Nf4 Bd7 52.Nh5 Kxg6 53.Nf4+ Kf5  1/2-1/2

[Event "Aberto do Brasil BCX"]
[Site "Brasilia BRA"]
[Date "2001.01.27"]
[Round "4"]
[White "De Andrade,W"]
[Black "Coelho,L"]
[Result "1-0"]
[WhiteElo "2196"]
[BlackElo "2190"]

1.e4 c5 2.Nf3 Nc6 3.Bb5 g6 4.O-O Bg7 5.Re1 Nf6 6.c3 O-O 7.d4 d5 8.exd5 Qxd5
9.c4 Qd6 10.d5 Nd4 11.Nxd4 cxd4 12.h3 a6 13.Ba4 b5 14.cxb5 axb5 15.Bxb5 Qxd5
16.a4 Bb7 17.Bf1 e5 18.Na3 Rfe8 19.Nb5 Qd7 20.b4 Nd5 21.Rb1 Rad8 22.Bg5 f6
23.Bd2 f5 24.Qb3 Kh8 25.Na3 Re6 26.a5 e4 27.b5 Be5 28.a6 Bb8 29.Ba5 e3 30.Nc4 Rc8
31.axb7 Rxc4 32.Qxc4 Ne7 33.fxe3 Re4 34.Bb4 dxe3 35.Bc3+  1-0

[Event "TCh-SVK"]
[Site "SVK"]
[Date "2001.01.28"]
[Round "7"]
[White "Strachan,J"]
[Black "Biro,K"]
[Result "1-0"]
[WhiteElo "2209"]
[BlackElo "2237"]

1.e4 c5 2.Nf3 Nc6 3.Bb5 g6 4.Bxc6 dxc6 5.d3 Bg7 6.O-O Nf6 7.Nc3 O-O 8.Bd2 Nd7
9.Qc1 Re8 10.Nd1 e5 11.Ne3 Nf8 12.Bc3 Qc7 13.b3 Ne6 14.Re1 Nd4 15.Nd2 Qe7
16.a4 b6 17.Qd1 Bd7 18.Nef1 Rf8 19.h3 Rad8 20.Nf3 Bc8 21.Nxd4 cxd4 22.Bd2 a5
23.Qc1 Rfe8 24.Nh2 c5 25.f4 exf4 26.Bxf4 Bb7 27.Qd2 Rc8 28.Nf3 Rc6 29.Rf1 f6
30.h4 Re6 31.Rf2 Qd8 32.Raf1 Rf8 33.Bh6 Re7 34.Bxg7 Kxg7 35.Qf4 Qc7 36.Nd2 Qxf4
37.Rxf4 Re6 38.g4 h6 39.Kh2 Rb8 40.Kg3 Ba6 41.Ra1 Rbe8 42.Rf2 R8e7 43.Kh3 Rc6
44.Kg3 Bc8 45.Raf1 Bd7 46.Nc4 Be8 47.Rf3 Bf7 48.g5 hxg5 49.hxg5 f5 50.exf5 gxf5
51.Rxf5 Bxc4 52.bxc4 Re3+ 53.Kg4 Re2 54.Rf7+ Kg6 55.R1f6+ Rxf6 56.Rxf6+ Kg7
57.Rxb6 Rg2+ 58.Kf5 Rxc2 59.Rb7+ Kg8 60.Rc7 Rc3 61.Rxc5 Rxd3 62.Rxa5 Rc3
63.Kf6 Rf3+ 64.Ke5 d3 65.Rd5 Rg3 66.Ke4 Kf7 67.Rxd3 Rxg5 68.Kd4 Ra5 69.Re3 Rxa4
70.Kc5 Ra5+  1-0

[Event "TCh-SVK"]
[Site "SVK"]
[Date "2001.01.28"]
[Round "7"]
[White "Salai,L"]
[Black "Markos,J"]
[Result "1/2-1/2"]
[WhiteElo "2424"]
[BlackElo "2327"]

1.e4 c5 2.Nf3 Nc6 3.Bb5 g6 4.O-O Bg7 5.Re1 e5 6.Bxc6 dxc6 7.d3 Ne7 8.Be3 b6
9.a4 a5 10.Nbd2 O-O 11.Nc4 f6 12.b4 axb4 13.a5 bxa5 14.Bxc5 Be6 15.Nfd2 f5
16.Qe2 Rf7 17.Ra4 fxe4 18.dxe4 Nc8 19.Bxb4 Nb6 20.Rxa5 Nxc4 21.Nxc4 Rxa5
22.Nxa5 Qb6 23.Bc3 Ra7 24.Qe3 Ra6 25.Qxb6 Rxb6 26.h3 Kf7 27.Rd1 Bf6 28.Rd6 Rb1+
29.Kh2 Rc1 30.Rd2 Bg5 31.Re2 Bc8 32.Nxc6 Ba6 33.Re1 Rxc2 34.Nb4 Bf4+ 35.Kg1 Rxc3
36.Nxa6 Rc4 37.g3 Bg5 38.Rb1 Be7 39.Rb7 Rxe4 40.Nc5 Rc4 41.Nd3 Ke6 42.Nxe5 Rc2
43.Ng4 Ra2 44.Rb6+ Bd6 45.Ne3 Ra4 46.Kg2 h5 47.h4 Rd4 48.Kf3 Ra4 49.Ke2 Rd4
50.Nc2 Rd5 51.Na3 Kf7 52.Nc4 Be7 53.Ne3 Rd4 54.Ng2 Rb4 55.Ra6 Rb2+ 56.Kf3 Rb3+
57.Ne3 g5 58.Ra7 gxh4 59.gxh4 Ke6 60.Ra6+ Kf7 61.Ra4 Rb4 62.Ra7 Rb3 63.Ke4 Ra3
64.Rb7 Ke6 65.Rb6+ Kf7 66.Rb7 Ke6 67.Nc2 Ra4+ 68.Nd4+ Kf6 69.Rb6+  1/2-1/2